书目信息 |
| 题名: |
电磁生物效应
|
|
| 作者: | 刘亚宁 主编 | |
| 分册: | ||
| 出版信息: | 北京 北京邮电大学出版社 2002 |
|
| 页数: | 344页 | |
| 开本: | 21cm | |
| 丛书名: | 电磁兼容理论与应用技术丛书 | |
| 单 册: | ||
| 中图分类: | X591 | |
| 科图分类: | ||
| 主题词: | 放射性污染 , 放射性污染--污染防治 | |
| 电子资源: | ||
| ISBN: | 7-5635-0502-4 | |
| 000 | 00868nam0 2200253 45 | |
| 001 | 012002027708 | |
| 005 | 20050513085802.3 | |
| 010 | @a7-5635-0502-4@dCNY23.00 | |
| 100 | @a20020326d2002 em y0chiy0110 ea | |
| 101 | 0 | @achi |
| 102 | @aCN@b110000 | |
| 105 | @ay z 000yy | |
| 200 | 1 | @a电磁生物效应@Adian ci sheng wu xiao ying@f刘亚宁主编@FLiu Ya Ning Zhu Bian |
| 210 | @a北京@c北京邮电大学出版社@d2002 | |
| 215 | @a344页@d21cm | |
| 225 | 2 | @a电磁兼容理论与应用技术丛书 |
| 330 | @a本书介绍了电磁辐射对人体各器官系统的生物效应,并从环境电磁辐射对人体各层次局部小电磁兼容系统施行骚扰的概念出发,介绍了电磁生物效应的机理、应用和防护。 | |
| 410 | @12001 @a电磁兼容理论与应用技术丛书 | |
| 606 | 0 | @a放射性污染 |
| 606 | 0 | @a放射性污染@x污染防治 |
| 690 | @aX591@v4 | |
| 701 | 0 | @a刘亚宁@4主编 |
| 801 | @aCN@bTSTC@c20030915 | |
| 905 | @b325186-190@dX591@e24@f5 | |
| 电磁生物效应/刘亚宁主编.-北京:北京邮电大学出版社,2002 |
| 344页;21cm.-(电磁兼容理论与应用技术丛书) |
| ISBN 7-5635-0502-4:CNY23.00 |
| 本书介绍了电磁辐射对人体各器官系统的生物效应,并从环境电磁辐射对人体各层次局部小电磁兼容系统施行骚扰的概念出发,介绍了电磁生物效应的机理、应用和防护。 |
| ● |
| 相关链接 |
|
|
|
|
正题名:电磁生物效应
索取号:X591/24
 
预约/预借
| 序号 | 登录号 | 条形码 | 馆藏地/架位号 | 状态 | 备注 |
| 1 | 0325186 | 203251863 | 第三借阅区/ [索取号:X591/24] | 在馆 | |
| 2 | 0325187 | 203251872 | 第三借阅区/ [索取号:X591/24] | 在馆 | |
| 3 | 0325188 | 203251881 | 第三借阅区/ [索取号:X591/24] | 在馆 | |
| 4 | 0325189 | 203251890 | 第三借阅区/ [索取号:X591/24] | 在馆 | |
| 5 | 0325190 | 203251907 | 第二样本阅览室/ [索取号:X591/24] | 在馆 | |
| 6 | 0353857 | 3538577 | 第三借阅区/ [索取号:X591/24] | 在馆 | |
| 7 | 0353858 | 3538586 | 第三借阅区/ [索取号:X591/24] | 在馆 | |
| 8 | 0353859 | 3538595 | 第三借阅区/ [索取号:X591/24] | 在馆 |